000 00589nam a22002177a 4500
003 OSt
005 20140310182836.0
008 130606t xxu||||| |||| 00| 0 eng d
020 _a9789812533302
050 _aQA 154.3
_b.Y68 2010
082 _aM 512.13
_bY69 2010
245 _aAlgebra and Trigonometry /
_cYoung, Cynthia Y.
250 _a2nd ed.
260 _aHoboken, NJ :
_bJohn Wiley & Sons, Inc,
_c2010.
300 _axxix, 1309 p. :
_bill. ;
_c26 cm.
521 _acollege students
526 _c1210L-1700L
541 _j1
562 _e1
942 _2lcc
_cBK
_kM
999 _c16746
_d16746